000
00257nam a2200109Ia 4500
008
190919s9999||||xx |||||||||||||| ||und||
100
_a
Peter Hintereder
245
0
_a
Facts About Germany
260
_a
New York
_b
Workman
_c
2000
300
_a
411
942
_c
BK
999
_c
10629
_d
10629